Normal view MARC view

Entry Personal Name

Number of records used in: 2

001 - CONTROL NUMBER

  • control field: 22631

003 - CONTROL NUMBER IDENTIFIER

  • control field: dpl

005 - DATE AND TIME OF LATEST TRANSACTION

  • control field: 20101004121214.0

008 - FIXED-LENGTH DATA ELEMENTS

  • fixed length control field: 101004|||a|||||| | ||| d

040 ## - CATALOGING SOURCE

  • Original cataloging agency: dpl
  • Transcribing agency: dpl

100 ## - HEADING--PERSONAL NAME

  • Personal name: Venugopal, P.

670 ## - SOURCE DATA FOUND

  • Source citation: Work cat.: (dpl)38070: Venugopal, P., The five-pronged battle of Periyar : , 2005

670 ## - SOURCE DATA FOUND

  • Source citation: Work cat.: (dpl)38070: Venugopal, P., The five-pronged battle of Periyar : , 2005

© Delhi Public Library
Hit Counter
free hit counter